00559nam a2200169Ia 4500020001800000082001700018100002200035245007400057260004500131300001400176504005000190650002400240650003500264650002300299650003700322650003000359 a0-19-565610-5 a342.54 AUS-W aAustin, Granville 0aWorking a democratic constitution: a history of the Indian experience aNew DelhibOxford University Pressc2006 axvii, 771 aincludes bibliographical references and index aConstitutionzIndia aIndiavPolitics and government aLegislationzIndia aConstitutional amendmentszIndia aConstitutional lawzIndia